Score 0/204 Timer 20:00
0 Plays Today
Episode Number Episode Title % Correct
1-1Pilot
98.5%
10-4Home Again
91.7%
1-3Squeeze
89.1%
1-8Ice
88.6%
10-1My Struggle
87.5%
10-6My Struggle II
87.5%
1-2Deep Throat
87.1%
1-21Tooms
86.6%
2-73
85.6%
5-20The End
84.2%
9-19/9-20The Truth
84.2%
4-2Home
82.7%
1-12Fire
82.2%
1-5Jersey Devil
81.2%
1-24The Erlenmeyer Flask
81.2%
2-1Little Green Men
80.7%
10-3Mulder and Scully Meet the Were-Monster
79.2%
10-5Babylon
79.2%
1-9Space
78.2%
2-5Duane Barry
78.2%
3-4Clyde Bruckman's Final Repose
78.2%
6-1The Beginning
78.2%
2-6Ascension
77.7%
1-4Conduit
77.2%
1-7Ghost in the Machine
77.2%
2-3Blood
76.2%
3-20Jose Chung's From Outer Space
76.2%
10-2Founder's Mutation
75%
2-25Anasazi
73.8%
3-2Paper Clip
73.8%
1-11Eve
73.3%
1-20Darkness Falls
72.8%
2-2The Host
72.3%
3-15Piper Maru
71.8%
5-12Bad Blood
71.3%
2-8One Breath
70.8%
3-17Pusher
70.8%
4-20Small Potatoes
70.8%
5-1/5-2Redux I and II
70.3%
9-16William
70.3%
4-7Musings of a Cigarette-Smoking Man
69.8%
6-15Arcadia
69.8%
1-14Genderbender
69.3%
1-13Beyond the Sea
68.8%
1-17E.B.E.
68.8%
1-19Shapes
68.8%
2-13Irresistible
68.8%
3-22Quagmire
68.8%
5-7Emily
68.8%
6-3Triangle
68.8%
6-4/6-5Dreamland I and II
68.8%
3-23Wetwired
68.3%
1-23Roland
67.8%
4-8Tunguska
67.8%
4-10Paper Hearts
67.8%
6-19The Unnatural
67.8%
7-1The Sixth Extinction
67.8%
3-1The Blessing Way
67.3%
5-6Christmas Carol
67.3%
7-17all things
67.3%
1-6Shadows
66.8%
4-5The Field Where I Died
66.8%
7-3Hungry
66.8%
9-1/9-2Nothing Important Happened Today I and II
66.8%
2-4Sleepless
65.8%
2-9Firewalker
65.8%
2-24Our Town
65.8%
4-9Terma
65.8%
Episode Number Episode Title % Correct
4-14Memento Mori
65.8%
6-21Field Trip
65.8%
4-13Never Again
65.3%
4-24Gethsemane
65.3%
7-12X-COPS
65.3%
9-18Sunshine Days
65.3%
5-14The Red and the Black
65.3%
1-10Fallen Angel
64.9%
2-10Red Museum
64.9%
3-10731
64.9%
3-13Syzygy
64.9%
6-20Three of a Kind
64.9%
7-19Hollywood A.D.
64.9%
2-17End Game
64.4%
3-24Talitha Cumi
64.4%
4-1Herrenvolk
64.4%
5-3Unusual Suspects
64.4%
3-3D.P.O.
63.9%
5-5The Post-Modern Prometheus
63.9%
6-2Drive
63.9%
6-11Two Fathers
63.9%
6-12One Son
63.9%
1-15Lazarus
63.4%
2-20Humbug
63.4%
7-2The Sixth Extinction II: Amor Fati
63.4%
7-11Closure
63.4%
2-23Soft Light
62.9%
4-12Leonard Betts
62.9%
6-14Monday
62.9%
5-10Chinga
62.9%
2-16Colony
62.4%
7-4Millennium
62.4%
7-22Requiem
62.4%
1-16Young at Heart
61.9%
4-18Max
61.9%
7-20Fight Club
61.9%
8-21Existence
61.9%
5-11Kill Switch
61.4%
6-6How the Ghosts Stole Christmas
61.4%
3-19Hell Money
60.9%
4-4Unruhe
60.9%
5-4Detour
60.9%
5-8Kitsunegari
60.9%
7-21Je Souhaite
60.9%
8-20Essence
60.9%
5-13Patient X
60.9%
3-21Avatar
60.4%
4-22Elegy
60.4%
6-18Milagro
60.4%
2-12Aubrey
59.9%
4-6Sanguinarium
59.9%
6-22Biogenesis
59.9%
7-13First Person Shooter
59.9%
1-22Born Again
59.4%
3-7The Walk
59.4%
3-9Nisei
59.4%
4-23Demons
59.4%
4-3Teliko
58.9%
8-1Within
58.9%
8-2Without
58.9%
1-18Miracle Man
58.4%
3-12War of the Coprophages
58.4%
5-19Folie a Deux
58.4%
6-13Agua Mala
58.4%
7-6The Goldberg Variation
58.4%
5-17All Souls
58.4%
2-19Dod Kalm
57.9%
3-5The List
57.9%
Episode Number Episode Title % Correct
3-18Teso Dos Bichos
57.9%
4-17Tempus Fugit
57.9%
7-9Signs and Wonders
57.9%
2-21The Calusari
57.4%
3-16Apocrypha
57.4%
6-8The Rain King
57.4%
9-6Trust No 1
57.4%
7-8The Amazing Maleeni
56.9%
5-18The Pine Bluff Variant
56.9%
7-7Orison
55.9%
7-10Sein und Zeit
55.9%
4-11El Mundo Gira
55.4%
4-19Synchrony
55.4%
7-5Rush
55.4%
7-15En ami
55.4%
2-14Die Hand Die Verletzt
55%
8-14This is Not Happening
55%
3-8Oubliette
54.5%
3-11Revelations
54.5%
8-15Deadalive
54.5%
9-44-D
54.5%
3-62Shy
54%
8-4Roadrunners
53.5%
8-18Vienen
53%
9-11Audrey Pauley
53%
5-9Schizogeny
52.5%
6-16Alpha
52.5%
5-15Travelers
52.5%
5-16Mind's Eye
52.5%
4-15Kaddish
52%
9-9Provenance
52%
7-16Chimera
51.5%
9-10Providence
51.5%
2-11Excelsis Dei
51%
2-22F. Emasculata
51%
6-7Terms of Endearment
51%
6-9S.R. 819
51%
7-18Brand X
51%
9-15Jump the Shark
51%
6-10Tithonus
50.5%
6-17Trevor
50.5%
8-3Patience
50.5%
8-6Redrum
50.5%
4-21Zero Sum
50%
8-10Badlaa
50%
8-19Alone
50%
9-3Daemonicus
50%
2-18Fearful Symmetry
49.5%
4-16Unrequited
49.5%
7-14Theef
49.5%
3-14Grotesque
49%
2-15Fresh Bones
48%
8-13Per Manum
48%
8-12Medusa
47%
9-7John Doe
46.5%
8-11The Gift
46%
8-16Three Words
46%
9-17Release
46%
8-7Via Negativa
43.6%
8-8Surekill
43.6%
9-13Improbable
43.6%
8-9Salvage
42.1%
9-14Scary Monsters
41.6%
8-17Empedocles
38.6%
9-5Lord of the Flies
38.6%
9-8Hellbound
37.1%
8-5Invocation
36.6%
9-12Underneath
35.1%

You're not logged in!

Compare scores with friends on all Sporcle quizzes.
OR
Log In

Sporcle TV

Today on Sporcle TV


Watch our educational content, quiz creation guides, and fun videos on Sporcle TV.

Show Comments

Extras

Created Sep 24, 2009SourceReportNominate
Tags:Numbers Quiz, episode, file

Top Quizzes Today


Score Distribution

Paid Content

Your Account Isn't Verified!

In order to create a playlist on Sporcle, you need to verify the email address you used during registration. Go to your Sporcle Settings to finish the process.

Report this User

Report this user for behavior that violates our Community Guidelines.

Details: